Music Quiz

Random Music or Bands Quiz

Bands Missing A to Z Quiz Stats

Quiz Updated Nov 24, 2017

Challenge
Share
Tweet
Embed
Score 0/26 Timer 05:00
2 Plays Today
% Correct
_oo _ighters
94.9%
The _each _oys
93.5%
_ueen
93.4%
Bon _ovi
92.6%
The S_ashing Pu_pkins
92.3%
The _ighteous B_othe_s
91.9%
_ef Leppar_
91.8%
_BB_
91.6%
Twenty _ne Pil_ts
90.2%
Mani_ Street Prea_hers
90.1%
_2
90%
Oa_i_
89.2%
B_ _ G_ _s
89.1%
% Correct
Blo_die
88.2%
_ _ Top
86.9%
Joy D_v_s_on
86.4%
The _o-_o's
86.2%
T_e W_o
85.1%
L_n_rd Sk_n_rd
85%
Jethro Tu_ _
84.8%
The _in_s
82.2%
_-Ray Spe_
80.3%
Dee_ _ur_le
79.7%
The _er_e
77.8%
_as (Not _as)
77%
_.A._.u.
75.1%

You're not logged in!

Compare scores with friends on all Sporcle quizzes.
Sign Up with Email
OR
Log In

You Might Also Like...

Show Comments

Extras

Top Quizzes Today


Score Distribution

Your Account Isn't Verified!

In order to create a playlist on Sporcle, you need to verify the email address you used during registration. Go to your Sporcle Settings to finish the process.